书目信息 |
| 题名: |
力学的量和单位
|
|
| 作者: | 王家石 编 | |
| 分册: | ||
| 出版信息: | 北京 计量出版社 1983.5 |
|
| 页数: | 58页 | |
| 开本: | 20cm | |
| 丛书名: | 量和单位丛书 | |
| 单 册: | ||
| 中图分类: | TB933 | |
| 科图分类: | ||
| 主题词: | 力学--计量 | |
| 电子资源: | ||
| ISBN: | ||
| 000 | 00559nam0 2200205 45 | |
| 001 | 0312221749 | |
| 005 | 20051228155016.18 | |
| 010 | @dCNY0.29 | |
| 100 | @a20031222d1983 km y0chiy0120 ea | |
| 101 | @achi | |
| 200 | 1 | @a力学的量和单位@ALi Xue De Liang He Dan Wei@f王家石编@FWang Jia Shi Bian |
| 210 | @a北京@c计量出版社@d1983.5 | |
| 215 | @a58页@d20cm | |
| 225 | 2 | @a量和单位丛书@h5 |
| 410 | 0 | @12001 @a量和单位丛书 |
| 606 | 0 | @a力学@x计量 |
| 690 | @aTB933@v3 | |
| 701 | 0 | @a王家石@4编 |
| 801 | @aCN@bTSTCL@c20051228 | |
| 905 | @a213230@dTB933@e25@b91381@f1 | |
| 力学的量和单位/王家石编.-北京:计量出版社,1983.5 |
| 58页;20cm.-(量和单位丛书.5) |
| ISBN :CNY0.29 |
| ● |
| 相关链接 |
|
|
|
|
正题名:力学的量和单位
索取号:TB933/25
 
预约/预借
| 序号 | 登录号 | 条形码 | 馆藏地/架位号 | 状态 | 备注 |
| 1 | 0091380 | 202181824 | 密集书库/ [索取号:TB933/25] | 在馆 | |
| 2 | 0091381 | 001361172 | 第三借阅区/ [索取号:TB933/25] | 在馆 | |
| 3 | 0091382 | 202181780 | 密集书库/ [索取号:TB933/25] | 在馆 |